000 00634nam a2200181Ia 4500
003 GCL
008 140319s9999 xx 000 0 ara d
040 _aGCL /
_cGCL
082 0 4 _a658.022
_bف ا
100 1 _aفريد راغب النجار
245 1 0 _aادارة المشروعات الصغيرة والمشروعات المشتركة الجديدة /
_cفريد راغب النجار
300 _a226 ص
490 _aسلسلة كتب المؤلف فى ادارة الآعمال
_v0
650 0 4 _aادارة الاعمال
650 0 4 _aالاستثمار
650 0 4 _aالمشروعات الصغيرة
942 _2ddc
_cBK
999 _c37558
_d37558